| 000 | 00598cam a22001697a 4500 | ||
|---|---|---|---|
| 008 | 180718b2004 xxu||||| |||| 00| 0 eng d | ||
| 020 | _a0821356062 | ||
| 082 | _aT478 M831 | ||
| 100 | _aMorisset, Jacques | ||
| 245 |
_aThe effectiveness of promotion agencies at attracting foreign direct investment _cby Jacques Morisset and Kelly Andrews-Johnson |
||
| 260 |
_aWashington, D.C. _bWorld Bank _c2004 |
||
| 300 | _a108p. | ||
| 440 | _aOccasional paper/Foreign investment advisory service; 16 | ||
| 650 | _aIndustrial promotion | ||
| 650 | _aInvestments, Foreign | ||
| 700 | _aAndrews-Johnson, Kelly | ||
| 999 |
_c289960 _d289960 |
||